Bibliografía de la lengua valenciana (Record no. 126909)

MARC details
000 -LEADER
campo de control de longitud fija 01071nam a2200181 i 4500
001 - NÚMERO DE CONTROL
campo de control 126909
003 - IDENTIFICADOR DE NÚMERO DE CONTROL
campo de control ES-MaACL
005 - FECHA Y HORA DE LA ÚLTIMA TRANSACCIÓN
campo de control 20230906192913.0
007 - CAMPO FIJO DE DESCRIPCIÓN FÍSICA--INFORMACIÓN GENERAL
campo de control de longitud fija t|
008 - DATOS DE LONGITUD FIJA--INFORMACIÓN GENERAL
campo de control de longitud fija 070214s1920 sp r ||||1| spa d
100 1# - ENTRADA PRINCIPAL--NOMBRE DE PERSONA
Nombre de persona Ribelles Comín, José (
Fechas asociadas al nombre 1872-1951)
9 (RLIN) 96761
245 10 - MENCIÓN DEL TÍTULO
Título Bibliografía de la lengua valenciana
Resto del título : o sea catálogo razonado por orden alfabético de autores, de los libros, folletos, obras dramáticas, periódicos, coloquios, coplas, chistes, discursos, romances, alocuciones, cantares, gozos, etc., que escritos en lengua valenciana y bilingüe, han visto la luz pública desde el establecimiento de la imprenta en España hasta nuestros días /
Mención de responsabilidad, etc. por José Ribelles Comín.
260 ## - PUBLICACIÓN, DISTRIBUCIÓN, ETC.
Lugar de publicación, distribución, etc. Madrid :
Nombre del editor, distribuidor, etc. [s. n.],
Fecha de publicación, distribución, etc. 1920 (
Fabricante Imp. de la Rev. de Archivos, Bibliotecas y Museos)
300 ## - DESCRIPCIÓN FÍSICA
Extensión 676 p. ;
Dimensiones 27 x 19 cm.
500 ## - NOTA GENERAL
Nota general Obra premiada en el concurso público celebrado por la Biblioteca Nacional en 1905 e impresa a expensas del Estado.
650 #4 - PUNTO DE ACCESO ADICIONAL DE MATERIA--TÉRMINO DE MATERIA
Término de materia o nombre geográfico como elemento de entrada Libros catalanes-
Subdivisión geográfica Comunidad Valenciana-
Subdivisión de forma Bibliografías.
9 (RLIN) 168715
852 ## - LOCALIZACIÓN
Ubicación ES-MaACL
Número de control de estantería B-3414
Holdings
Estatus retirado Estado de pérdida Estado de daño No para préstamo Biblioteca de origen Biblioteca actual Ubicación en estantería Fecha de adquisición Fuente de adquisición Total de préstamos Signatura topográfica completa Código de barras Visto por última vez Precio de reemplazo Tipo de ítem Koha
        Biblioteca del Ateneo de Madrid Biblioteca del Ateneo de Madrid Sala Pardo Bazán 17/01/2008     B-3414 1132184 23/02/2023 23/02/2023 Libro impreso